• 首页
  • 本馆介绍
  • 公告通知
  • 最新文献
  • 馆藏检索
  • 电子资源
  • 读者导购
  • 参考咨询
  • 我的图书馆
  • 登录
  • 详细信息显示
  • 放入我的书架
  • 预约/预借图书
  • 作者相关作品
  • 分类相关作品
  • 丛书相关作品
  • 出版社相关作品

书目信息

  • 表格格式
  • 工作单格式
  • 卡片格式
题名:
马克思恩格斯列宁斯大林论资本主义经济危机
    
 
作者: 于光远 主编
分册:  
出版信息: 北京   人民出版社  1978.07
页数: 958页
开本: 21cm
丛书名:
单 册:
中图分类: A166
科图分类:
主题词: 马恩著作--专题汇编--经济
电子资源:
ISBN:
000 00759nam0 2200217 45
001 0505111684
005 20050512083714.4
010    @dCNY2.20
091    @a1001.925
100    @a20050511d1978 km y0chiy0120 ea
101 0  @achi
105    @a z 000yy
200 1  @a马克思恩格斯列宁斯大林论资本主义经济危机@AMa Ke Si En Ge Si Lie Ning Si Da Lin Lun Zi Ben Zhu Yi Jing Ji Wei Ji@e论述摘录和论点索引@ELun Shu Zhai Lu He Lun Dian Suo Yin@f于光远主编@FYu Guang Yuan Zhu Bian
210    @a北京@c人民出版社@d1978.07
215    @a958页@d21cm
517    @a论述摘录和论点索引@ALun Shu Zhai Lu He Lun Dian Suo Yin
606 0  @a马恩著作@x专题汇编@x经济
690    @aA166@v3
701  0 @a于光远@4主编
801    @aCN@bPftUser@c20050511
905    @f1@b20749@dA166@e7
    
    马克思恩格斯列宁斯大林论资本主义经济危机:论述摘录和论点索引/于光远主编.-北京:人民出版社,1978.07
    958页;21cm
    
    
    ISBN :CNY2.20
    
●
相关链接 在E读中查询图书 在五车中查询图书 在当当中查询图书 在豆瓣中查询图书


正题名:马克思恩格斯列宁斯大林论资本主义经济危机     索取号:A166/7         预约/预借

序号 登录号 条形码 馆藏地/架位号 状态 备注
1 0020749   002045496   第一样本阅览室/ [索取号:A166/7] 在馆    
唐山师范学院图书馆 欢迎您!
大连网信软件有限公司© 版权所有